Model systems in behavioral ecology : (Registro nro. 2750)

Detalles MARC
000 -CABECERA
Campo de control 01089cam a22002774a 4500
005 - FECHA Y HORA DE LA ULTIMA TRANSACCION
Campo de control 20160204173531.0
008 - ELEMENTOS DE LONGITUD FIJA—INFORMACION GENERAL
Campo de control 010201s2001 njua b 001 0 eng
020 ## - ISBN
ISBN 0691006520 (alk. paper)
020 ## - ISBN
ISBN 0691006539 (pbk. : alk. paper)
040 ## - FUENTE DE CATALOGACIÓN
Agencia catalogadora original DLC
Agencia transcriptora DLC
Agencia Modificadora DLC
-- CO-BoIAVH
041 ## - IDIOMA
Código de idioma para texto/pista de sonido o título separado Inglés
042 ## - AUTHENTICATION CODE
Authentication code pcc
082 00 - NUMERO DE CLASIFICACION DECIMAL DEWEY
Número de clasificación 591.5
Número del ítem M68m
245 00 - MENCION DE TITULO
Título Model systems in behavioral ecology :
Parte restante del título integrating conceptual, theoretical, and empirical approaches /
Mención de responsabilidad edited by Lee Alan Dugatkin.
260 ## - PUBLICACION, DISTRIBUCION, ETC. (PIE DE IMPRENTA)
Lugar de publicación, distribución, etc. Princeton, N.J. :
Nombre del editor, distribuidor, etc. Princeton University Press,
Fecha de publicación, distribución, etc. c2001.
300 ## - DESCRIPCION FISICA
Extensión xxii, 551 p. :
Otros detalles físicos ill. ;
Dimensiones 24 cm.
504 ## - NOTA DE BIBLIOGRAFIA, ETC.
Nota de bibliografía Includes bibliographical references and index.
650 #0 - ASIENTO SECUNDARIO DE MATERIA - TERMINO TEMATICO
Término temático o nombre geográfico como elemento de entrada Animal behavior.
650 #0 - ASIENTO SECUNDARIO DE MATERIA - TERMINO TEMATICO
Término temático o nombre geográfico como elemento de entrada Conducta animal.
650 #0 - ASIENTO SECUNDARIO DE MATERIA - TERMINO TEMATICO
Término temático o nombre geográfico como elemento de entrada Animal ecology.
650 #0 - ASIENTO SECUNDARIO DE MATERIA - TERMINO TEMATICO
Término temático o nombre geográfico como elemento de entrada ecología animal.
700 1# - ASIENTO SECUNDARIO - NOMBRE PERSONAL
Nombre personal Dugatkin, Lee Alan,
Fechas asociadas con el nombre 1962-
856 41 - LOCALIZACION Y ACCESO ELECTRONICOS
Especificación de los materiales Table of contents
Identificador Uniforme del Recurso http://www.loc.gov/catdir/toc/prin031/2001021990.html
856 42 - LOCALIZACION Y ACCESO ELECTRONICOS
Especificación de los materiales Publisher description
Identificador Uniforme del Recurso http://www.loc.gov/catdir/description/prin022/2001021990.html
942 ## - ELEMENTOS ADICIONALES (KOHA)
Sistema de clasificación Dewey Decimal Classification
Tipo de ítem Libro
Existencias
Withdrawn status Lost status Sistema de Clasificación Damaged status No para préstamo Colección Inventariado Ubicación Permanente Ubicación actual Fecha de adquisición Fuente de Valor Valor Total Checkouts Número topográfico Inventario / Código de Barras Date last seen Ejemplar Price effective from Forma de adquisición Tipo de material
    Dewey Decimal Classification     General Inventariado 2017 Bogotá Bogotá 18/06/2002 Instituto 39000.00   LB-591.5 M68m 004944 04/12/2012 Ej. 1 04/12/2012 Compra Libro